Viladecans : pintures sobre paper 1980/81..., juny-novembre 1982 pintures sobre paper 1980/81..., juny-novembre 1982
Publicado:
Barcelona :
Departament de Cultura i Mitjans de Comunicació de la Generalitat de Catalunya, dl 1982
Descripción Física:
[48] p. : il., negre i col. ; 29 cm
Materias:
Viladecans, Joan-Pere -- Exposicions
MARC
| LEADER | 00000nam a2200000Ia 4500 | ||
|---|---|---|---|
| 001 | 1336 | ||
| 008 | 160829s9999 xx 000 0 cat d | ||
| 080 | |a FU-17-13 | ||
| 100 | |a Viladecans, Joan-Pere |9 25631 | ||
| 245 | |a Viladecans : |b pintures sobre paper 1980/81..., juny-novembre 1982 | ||
| 260 | |a Barcelona : |b Departament de Cultura i Mitjans de Comunicació de la Generalitat de Catalunya, dl 1982 | ||
| 300 | |a [48] p. : |b il., negre i col. ; |c 29 cm | ||
| 650 | |a Viladecans, Joan-Pere |x Exposicions |9 25632 | ||
| 710 | 1 | |a Catalunya. |b Departament de Cultura i Mitjans de Comunicació |9 55890 | |
| 901 | |a Arxiu | ||
| 942 | |n 1 | ||
| 952 | |0 0 |1 0 |4 0 |6 FU1713 |7 1 |9 43711 |a Arxiu |b Arxiu |d 2016-12-01 |l 0 |o FU-17-13 |p 1336 |r 2016-12-01 00:00:00 |w 2016-12-01 |y ARXIU | ||
| 999 | |c 46259 |d 46259 | ||